000 00626nam a2200205 i 4500
001 46921
003 ES-MaACL
005 20230906161453.0
007 t|
008 030402s1960 sp ||||1| spa d
100 1 _aConstantin-Weyer, Maurice.
_940248
245 1 3 _aLa cuerda sobre el abismo /
_cpor Maurice Constantin-Weyer ; [versión castellana de César de Montserrat].
260 _aBarcelona :
_bG.P.,
_c[1960]
300 _a128 p. ;
_c17 cm.
490 1 _aLibros Plaza
700 1 _aMontserrat, César de.
_982735
830 0 _aLibros Plaza
_9181449
852 _aES-MaACL
_jC-18048
_bR.45983
999 _c46921
_d46921